| 000 | 01170cam a22002537a 4500 | ||
|---|---|---|---|
| 001 | 15271634 | ||
| 005 | 20090827090857.0 | ||
| 008 | 080422s2008 enka b 001 0 eng | ||
| 020 | _a9781844075263 (pbk. : alk. paper) | ||
| 040 |
_aDLC _cDLC _dDLC |
||
| 082 | 0 | 0 |
_a662.88 _222 _bBIO |
| 245 | 0 | 4 |
_aThe Biomass Assessment Handbook : _bBioenergy for a Sustainable Environment / _cedited by Frank Rosillo-Calle ... [et al.]. |
| 250 | _aPbk. ed. | ||
| 260 |
_aLondon ; _aSterlling, VA : _bEarthscan, _c2008. |
||
| 300 |
_axxiii, 269 p. : _bill. ; _c24 cm. |
||
| 504 | _aIncludes bibliographical references and index. | ||
| 650 | 0 |
_aBiomass _xMeasurement. _928717 |
|
| 653 |
_bEle _bMec _cFebruary2012 |
||
| 700 | 1 |
_aRosillo Calle, Francisco, _d1945- _928718 |
|
| 856 | 4 | 1 |
_3Table of contents only _uhttp://www.loc.gov/catdir/toc/fy0903/2008273320.html |
| 942 |
_2ddc _cBB |
||
| 999 |
_c16418 _d16418 |
||